| 000 | 00484nam a2200169Ia 4500 | ||
|---|---|---|---|
| 999 |
_c16875 _d16875 |
||
| 003 | OSt | ||
| 005 | 20201028103355.0 | ||
| 008 | 190216s9999||||xx |||||||||||||| ||und|| | ||
| 040 | _coclc | ||
| 082 |
_a954.035092 _bBHA/G |
||
| 100 |
_aBhatia, Shobha _91874 |
||
| 245 | 0 |
_aGandhi Vaani / _cShobha Bhatia ; Aparna Sharma |
|
| 260 |
_bParik Books, _c2010. _aJaipur: |
||
| 300 | _a128p | ||
| 650 | _aHindi | ||
| 942 |
_cBK _2ddc _h954.035092 _iBHA/G _k654.035092 _mBHA/G |
||